000 00677nam a22002297a 4500
003 UA-OsUOA
001 84172
007 ta
008 20120521b un ||||| |||| 00| 0 ukr d
100 _aГусейнов Г.Д.
090 _a82.09
_bГ96
942 _cBK
040 _aUA-OsUOA
_bukr
_cUA-OsUOA
_dUA-OsUOA
245 _aНезаймані сніги
_bоповіді пошуків та знахідок
300 _a160 с.
955 _a2
041 _aukr
080 _a82.09
260 _aКривий Ріг
_bБібліотечка "Саксагані"
_c1993
650 7 _a82 Література. Літературознавство
_2UDC
999 _c370526
_d370526